000 00685nam a2200181 i 4500
001 44798
003 ES-MaACL
005 20250701063134.0
007 t|
008 030324s1874 fr ||||1| fre d
100 1 _aClaretie, Jules,
_d1840-1913
_9160289
245 1 0 _aHistoire de la Revolution de 1870-71
_b: chute de l'empire, la guerre, le gouvernement de la defense nationale, la paix, le siege de Paris, la commune de Paris, le gouvernement de M. Thiers /
_cJules Claretie.
260 _aParis :
_b[s.n.],
_c1874 (
_fRouge)
300 _a2 v. ;
_c28 cm.
651 4 _aFrancia-
_xHistoria-
_y1871-1873.
_9167507
852 _aES-MaACL
_jC-1906-07
999 _c44798
_d44798